As It Was Lyrics- Harry Styles - Statistics

General Stats
  • This quiz has been taken 305 times
  • The average score is 33 of 37
Answer Stats
Fill the gaps Answer % Correct
(Come on, _____, we wanna say goodnight to you) Harry
99%
Gravity's holdin' me ____ back
98%
Holdin' ____ back me
97%
As it was, as it ___ was
97%
As it was, as it ___ was
97%
As it ___ was
97%
As it was, as it ___ was
97%
You ____ it's not the same as it was know
96%
You ____ it's not the same as it was know
96%
You ____ it's not the same as it was know
96%
You ____ it's not the same as it was know
96%
In this world, it's just __ us
96%
In this world, it's just __ us
96%
In this world, it's just __ us
96%
In this world, it's just __ us
96%
You know it's ___ the same not
95%
You know it's ___ the same not
95%
Ringin' the ____ bell
93%
Harry, you're no ____ alone good
93%
Answer the ______ phone
93%
Nothin' to ____ say
93%
Leave ______, two kids follow her America
91%
I want you to hold out the ____ of your hand palm
91%
You know it's not the ____ as it was same
91%
I don't _____ talk about the way that it was wanna
91%
And nobody's coming to ____ help
89%
What kind of _____ are you on? pills
89%
And ________ gets in the way everything
86%
Why don't we _____ it at that? leave
86%
Why are you _______ at home on the floor? sitting
86%
He just wants to know that you're ____, oh, oh, oh well
85%
Your _____ lives by himself daddy
79%
Go home, get _____, light-speed internet ahead
78%
And I'm the one who will ____, oh, oh, oh stay
77%
I don't wanna talk about who's doin' it _____ first
76%
Seems you cannot be ________ replaced
76%
(___) Hey
49%
No matching quizzes found
Score Distribution
Percent of People with Each Score
Percentile by Number Answered
Your Score History
You have not taken this quiz